| 000 | 01423ntaaa2200457 4500 | ||
|---|---|---|---|
| 003 | 01 | ||
| 005 | 20251027203336.0 | ||
| 008 | 0714s1973 ag 01 | ||
| 040 |
_aAR-BaBN _bspa _cAR-BaBN _eaacr _dRIC |
||
| 100 |
_aSchumann, Robert _d1810-1856 |
||
| 245 |
_aConcierto para piano y orquesta en la menor op. 54 ; Carnaval op. 9 / _cRobert Schumann |
||
| 260 |
_aBuenos Aires : _bViscontea [distribuidor], _cc1979 |
||
| 300 |
_a1 disco son. (62 min., 53 seg.) ; _canalógico, 33 1/3 rpm, estereo ; 12 plg. |
||
| 490 |
_aLos grandes músicos ; _v25 |
||
| 500 | _aPeter Frankl, piano ; Orquesta Sinfónica de Bamberg, Janos Fürst, director | ||
| 500 | _aFabricado por: CBS. Licencia de: Vox-Turnabout-MMG (The Moss Music Group) | ||
| 500 | _aDuraciones: 32 min, 28 seg. ; 30 min., 25 seg. | ||
| 505 | _tPréambule | ||
| 505 | _tPierrot | ||
| 505 | _tArlequin | ||
| 505 | _tValse noble | ||
| 505 | _tEusebius | ||
| 505 | _tFlorestan | ||
| 505 | _tCoquette | ||
| 505 | _tReplique | ||
| 505 | _tPapillons | ||
| 505 | _tLettres dansantes | ||
| 505 | _tChiarina | ||
| 505 | _tChopin | ||
| 505 | _tEstrella | ||
| 505 | _tReconnaissance | ||
| 505 | _tPantalon et Colombine | ||
| 505 | _tValse Allemande | ||
| 505 | _tPaganini | ||
| 505 | _tAveu | ||
| 505 | _tPromenade | ||
| 505 | _tPause | ||
| 505 | _tMarche des "Davidsbündler" contre les Philistins | ||
| 650 | _aMUSICA | ||
| 942 | _cBK | ||
| 999 |
_c28943 _d28943 |
||